Score 0/16 Timer 04:00
1 Play Today
Scrambled Thing Unscrambled Thing % Correct
NAIRBBrain
98%
GONL MERT MYROEMLong Term Memory
81.4%
AHPOIBPhobia
79.2%
REDUFFreud
67.4%
VVLAOPPavlov
63.6%
NEXTYIAAnxiety
56.9%
Theme of this word scramble:Psychology
56.6%
LORMABNAAbnormal
48.8%
Scrambled Thing Unscrambled Thing % Correct
ZPNIAREHCHISOSchizophrenia
39%
LICLICNAClinical
35.6%
RINKSENSkinner
28%
TINEIVCGOCognitive
27.2%
EHPYTARTherapy
25%
SINESURONeurosis
15.1%
HARBOVIEBehavior
13.8%
TLEGASTGestalt
9.6%

You're not logged in!

Compare scores with friends on all Sporcle quizzes.
OR
Log In

Sporcle TV

Today on Sporcle TV


Watch our educational content, quiz creation guides, and fun videos on Sporcle TV.

Show Comments

Extras

Top Quizzes Today


Score Distribution

Your Account Isn't Verified!

In order to create a playlist on Sporcle, you need to verify the email address you used during registration. Go to your Sporcle Settings to finish the process.

Report this User

Report this user for behavior that violates our Community Guidelines.

Details: